000 00367nam a2200145Ia 4500
008 230917s9999||||xx |||||||||||||| ||und||
040 _e132049
_aMAIN
041 _aEnglish
082 _a616.0756 C33C
100 _aDoyle, Alan
245 0 _aCell and tissue culture for medical research
260 _aNew York
_bJohn Wiley
_c2000
300 _a443 p.
942 _cBK
999 _c139699
_d139699